Police Phonetic Alphabet - Statistics

General Stats
  • This quiz has been taken 6,165 times
  • The average score is 20 of 26
Answer Stats
Hint Answer % Correct
A Adam
92%
B Boy
84%
D David
82%
C Charles
81%
F Frank
81%
E Edward
79%
X X-ray
79%
G George
78%
I Ida
77%
H Henry
76%
J John
76%
K King
76%
Z Zebra
76%
Q Queen
75%
V Victor
75%
O Ocean
74%
L Lincoln
73%
M Mary
73%
N Nora
73%
S Sam
73%
T Tom
73%
P Paul
72%
W William
72%
R Robert
71%
U Union
70%
Y Young
65%
No matching quizzes found
Score Distribution
Percent of People with Each Score
Percentile by Number Answered
Your Score History
You have not taken this quiz